<?xml version="1.0" encoding="UTF-8"?>
<record
    xmlns:xsi="http://www.w3.org/2001/XMLSchema-instance"
    xsi:schemaLocation="http://www.loc.gov/MARC21/slim http://www.loc.gov/standards/marcxml/schema/MARC21slim.xsd"
    xmlns="http://www.loc.gov/MARC21/slim">

  <leader>01026nam2a22002531  4500</leader>
  <controlfield tag="001">rc\138517</controlfield>
  <controlfield tag="005">20250612180129.0</controlfield>
  <datafield tag="035" ind1=" " ind2=" ">
    <subfield code="a">(NLR Aleph) 008768648</subfield>
  </datafield>
  <datafield tag="090" ind1=" " ind2=" ">
    <subfield code="a">7910104</subfield>
    <subfield code="c">7910104</subfield>
  </datafield>
  <datafield tag="100" ind1=" " ind2=" ">
    <subfield code="a">20030307d1991    |||y0rusy50      ca</subfield>
  </datafield>
  <datafield tag="101" ind1="0" ind2=" ">
    <subfield code="a">rus</subfield>
  </datafield>
  <datafield tag="102" ind1=" " ind2=" ">
    <subfield code="a">RU</subfield>
  </datafield>
  <datafield tag="105" ind1=" " ind2=" ">
    <subfield code="a">a   |||||||||</subfield>
  </datafield>
  <datafield tag="200" ind1="1" ind2=" ">
    <subfield code="a">&#x88;[&#x89;&#x41A;&#x443;&#x43C;&#x438;&#x442;&#x44D; - &#x441;&#x442;&#x440;&#x430;&#x442;&#x435;&#x433;&#x438;&#x44F; &#x430;&#x442;&#x430;&#x43A;&#x438;]</subfield>
  </datafield>
  <datafield tag="210" ind1=" " ind2=" ">
    <subfield code="d">1991</subfield>
    <subfield code="a">&#x411;. &#x43C;.</subfield>
  </datafield>
  <datafield tag="215" ind1=" " ind2=" ">
    <subfield code="a">64 &#x441;.</subfield>
    <subfield code="c">&#x438;&#x43B;.</subfield>
  </datafield>
  <datafield tag="461" ind1=" " ind2="0">
    <subfield code="1">001rc\138516</subfield>
    <subfield code="1">2001#$a&#x41A;&#x430;&#x440;&#x430;&#x442;&#x44D; &#x434;&#x43B;&#x44F; &#x447;&#x435;&#x43C;&#x43F;&#x438;&#x43E;&#x43D;&#x43E;&#x432;$e[&#x412; 7 &#x432;&#x44B;&#x43F;.]$f&#x42E;.&#x410;. &#x421;&#x443;&#x448;&#x43A;&#x43E;&#x432;, &#x412;.&#x410;. &#x421;&#x443;&#x448;&#x43A;&#x43E;&#x432;, &#x41C;.&#x424;. &#x41C;&#x430;&#x43D;&#x441;&#x443;&#x440;&#x43E;&#x432; &#x438; &#x434;&#x440;.$v&#x412;&#x44B;&#x43F;. 5</subfield>
    <subfield code="9">6432761</subfield>
    <subfield code="c">[&#x421;&#x432;&#x435;&#x440;&#x434;&#x43B;&#x43E;&#x432;&#x441;&#x43A;]</subfield>
    <subfield code="d">1991-</subfield>
    <subfield code="f">&#x42E;.&#x410;. &#x421;&#x443;&#x448;&#x43A;&#x43E;&#x432;, &#x412;.&#x410;. &#x421;&#x443;&#x448;&#x43A;&#x43E;&#x432;, &#x41C;.&#x424;. &#x41C;&#x430;&#x43D;&#x441;&#x443;&#x440;&#x43E;&#x432; &#x438; &#x434;&#x440;.</subfield>
    <subfield code="n">&#x422;&#x43E;&#x432;&#x430;&#x440;&#x438;&#x449;&#x435;&#x441;&#x442;&#x432;&#x43E; "&#x423;&#x440;&#x430;&#x43B;. &#x434;&#x435;&#x43B;&#x43E;"</subfield>
    <subfield code="o">[&#x412; 7 &#x432;&#x44B;&#x43F;.]</subfield>
    <subfield code="t">&#x41A;&#x430;&#x440;&#x430;&#x442;&#x44D; &#x434;&#x43B;&#x44F; &#x447;&#x435;&#x43C;&#x43F;&#x438;&#x43E;&#x43D;&#x43E;&#x432;</subfield>
    <subfield code="v">&#x412;&#x44B;&#x43F;. 5</subfield>
  </datafield>
  <datafield tag="606" ind1="1" ind2=" ">
    <subfield code="a">&#x41A;&#x430;&#x440;&#x430;&#x442;&#x44D;</subfield>
    <subfield code="2">nlr_sh1</subfield>
  </datafield>
  <datafield tag="801" ind1=" " ind2="0">
    <subfield code="a">RU</subfield>
    <subfield code="b">NLR</subfield>
    <subfield code="g">psbo</subfield>
  </datafield>
  <datafield tag="801" ind1=" " ind2="1">
    <subfield code="a">RU</subfield>
    <subfield code="b">ELAR</subfield>
    <subfield code="2">rusmarc</subfield>
  </datafield>
  <datafield tag="801" ind1=" " ind2="2">
    <subfield code="a">RU</subfield>
    <subfield code="b">NLR</subfield>
    <subfield code="c">20050513</subfield>
    <subfield code="2">rusmarc</subfield>
  </datafield>
  <datafield tag="852" ind1=" " ind2=" ">
    <subfield code="a">NLR</subfield>
    <subfield code="j">91-4/13550</subfield>
  </datafield>
  <datafield tag="942" ind1=" " ind2=" ">
    <subfield code="c">BOOK</subfield>
  </datafield>
  <datafield tag="980" ind1=" " ind2=" ">
    <subfield code="a">NB</subfield>
  </datafield>
  <datafield tag="995" ind1=" " ind2=" ">
    <subfield code="5">2013-10-26</subfield>
    <subfield code="b">NLR01</subfield>
    <subfield code="c">NLR01</subfield>
    <subfield code="e">RF9</subfield>
    <subfield code="f">8768648-10</subfield>
    <subfield code="k">91-4/13550</subfield>
    <subfield code="o">0</subfield>
    <subfield code="r">BOOK</subfield>
    <subfield code="s">91413550_</subfield>
  </datafield>
</record>
